[Event "Mecklenburg VP LL2 West 1415"]
[Site "Mecklenburg VP"]
[Date "2014.11.23"]
[Round "3.8"]
[White "Wittenburg, Philipp"]
[Black "Tamrazyan, Gohar"]
[Result "0-1"]
[WhiteElo "1507"]
[BlackElo "1424"]
[PlyCount "78"]
[EventDate "2014.09.21"]
[EventType "team-tourn"]
[EventRounds "9"]
[EventCountry "GER"]
[SourceTitle "EXT 2022"]
[Source "ChessBase"]
[SourceDate "2021.10.06"]
[SourceVersion "1"]
[SourceVersionDate "2021.10.06"]
[SourceQuality "1"]
[WhiteTeam "Mecklenburger Springer SC"]
[BlackTeam "Malchow Schachinsel"]
[WhiteTeamCountry "GER"]
[BlackTeamCountry "GER"]

1. d4 Nf6 2. Nf3 e6 3. g3 Be7 4. Bg2 c6 5. 0-0 0-0 6. c3 d5 7. Nbd2 Na6 8. Ne5 Nc7 9. Ndf3 Ne4 10. Qc2 Ne8 11. Nd2 N4d6 12. e4 Nf6 13. Re1 dxe4 14. Nxe4 Nfxe4 15. Bxe4 Nxe4 16. Qxe4 c5 17. Qg4 cxd4 18. cxd4 Re8 19. h4 f6 20. Nc4 e5 21. Qe4 Qxd4 22. Qc2 Qg4 23. Qb3 Be6 24. Nxe5 fxe5 25. Qxb7 Bb4 26. Rf1 Reb8 27. Qg2 Bc4 28. f3 Qd4+ 29. Rf2 Be1 30. Be3 Qxe3 31. Rxe1 Qxe1+ 32. Kh2 Bxa2 33. Re2 Qa5 34. b4 Qxb4 35. Rxa2 a5 36. Qe2 Qb3 37. Rd2 a4 38. Qxe5 a3 39. Rd5 Qb2+ 0-1

[Event "Mecklenburg VP-ch U16"]
[Site "Malchow"]
[Date "2010.02.??"]
[Round "5.8"]
[White "Wittenburg, Philipp"]
[Black "Eggert, Andre"]
[Result "1/2-1/2"]
[WhiteElo "1111"]
[BlackElo "1371"]
[PlyCount "109"]
[EventDate "2010.02.10"]
[EventType "swiss"]
[EventRounds "7"]
[EventCountry "GER"]
[SourceTitle "EXT 2022"]
[Source "ChessBase"]
[SourceDate "2021.10.06"]
[SourceVersion "1"]
[SourceVersionDate "2021.10.06"]
[SourceQuality "1"]

1. d4 d5 2. Bf4 Nf6 3. e3 Nc6 4. Nf3 Bg4 5. Nbd2 e6 6. h3 Bh5 7. Be2 Bxf3 8. Nxf3 Bd6 9. Bg5 0-0 10. 0-0 h6 11. Bxf6 Qxf6 12. c3 Ne7 13. Bd3 Nc8 14. Bc2 c5 15. Qd3 g6 16. Qb5 cxd4 17. cxd4 Nb6 18. b3 Qe7 19. Qd3 Kg7 20. Rfe1 e5 21. e4 exd4 22. exd5 Qf6 23. Rad1 Nxd5 24. Nxd4 Nb4 25. Qc4 Rac8 26. Qe2 Nxa2 27. Be4 Nc3 28. Qg4 h5 29. Nf5+ Kh8 30. Rxd6 Nxe4 31. Qxe4 Qxf5 32. Qxf5 gxf5 33. Re5 Rc3 34. Rxf5 Rxb3 35. Rg5 Rb6 36. Rxh5+ Kg7 37. Rxb6 axb6 38. Rb5 Rd8 39. Rxb6 Rd1+ 40. Kh2 Rd2 41. Kg3 Rd3+ 42. f3 Rd7 43. f4 f5 44. Kh4 Rf7 45. g3 Kh7 46. Kg5 Kg7 47. h4 Kh7 48. h5 Kg7 49. g4 fxg4 50. Kxg4 Kh7 51. f5 Kg7 52. Kg5 Kh7 53. h6 Re7 54. Rb5 Rf7 55. Rb6 1/2-1/2